| 000 | 00470nam a2200133 a 4500 | ||
|---|---|---|---|
| 001 | 000029991 | ||
| 005 | 20200930055951.0 | ||
| 008 | 110428s1995 dr d 000 0 spa d | ||
| 040 |
_aDO-SdBNP _bspa _cBNPHU |
||
| 082 |
_axxx _bM489 |
||
| 245 | 0 | 0 | _aMedición del empleo mediante encuestas de hogares y características del mercado de trabajo (1991-1994). |
| 260 |
_aSanto Domingo : _bBanco Central de la República Dominicana, _c1995. |
||
| 300 |
_a80 p. : _bdiagrs. ; _c28 cm. |
||
| 999 |
_c29483 _d29483 |
||